000 00434nam a22001817a 4500
003 NUST
020 _a978-81-317-08248
038 _aKhadija
082 _a621.3822
_bIFE
100 _aEmmanuel C. Ifeachor
_983384
245 _aDigital Signal Processing :
_bA Practical Approach /
250 _a2nd
260 _aNew Delhi :
_bPearson ,
_c2009.
300 _a933 p. ;
500 _aPaperback.
563 _aPB
942 _cBK
_2ddc
999 _c33433
_d33433